Vliv Uruguayského kulatého stolu GATT a reformy CAP na světový obchod zemědělskými výrobky

Konflikt Uruguajského kola GATT a príčiny jeho vzniku. Dunkelov návrh. Dohoda medzi ES a USA. Možné dopady konečnej dohody na GATT. Dôsledky reformy CAP a dohody GATT pre Severnú a Južnú Ameriku.

Na minha lista:
Detalhes bibliográficos
Formato: Capítulo de Livro
Idioma:tcheco
Assuntos:
Tags: Adicionar Tag
Sem tags, seja o primeiro a adicionar uma tag!

MARC

LEADER 00000naa a2200000 4500
001 r014261
005 20221213090053.6
041 0 |a cze 
044 |a SK 
245 1 0 |a Vliv Uruguayského kulatého stolu GATT a reformy CAP na světový obchod zemědělskými výrobky 
520 |a Konflikt Uruguajského kola GATT a príčiny jeho vzniku. Dunkelov návrh. Dohoda medzi ES a USA. Možné dopady konečnej dohody na GATT. Dôsledky reformy CAP a dohody GATT pre Severnú a Južnú Ameriku. 
610 2 0 |a GATT 
610 2 0 |a poľnohospodárstvo 
610 2 0 |a Európske spoločenstvá 
610 2 0 |a USA 
610 2 0 |a Južná Amerika 
610 2 0 |a obchod svetový 
610 2 0 |a výrobky poľnohospodárske